A Level Biology - Biodiversity - Statistics

General Stats
  • This quiz has been taken 104 times
  • The average score is 5 of 16
Answer Stats
Defintion Keyword % Correct
Where an organism lives Habitat
84%
A version of a gene Allele
78%
A measure of the variation found in the living world Biodiversity
63%
A group of organisms that can freely interbreed to produce fertile offspring Species
62%
The position of a gene on a chromosome Locus
41%
A measure of how many different species are presented Species richness
40%
A measure of how evenly represented the species are Species evenness
34%
A crop consisting of one strain of one species Monoculture
26%
A locus that has more than two alleles Polymorphic
17%
One that has a disproportionate effect upon its environment relative to its abundance Keystone species
16%
Conservation outside the normal habitat of the species Conservation ex situ
5%
Carrying out active management to maintain the biodiversity in the natural environment Conservation in situ
5%
A measure of the biodiversity of a habitat Simpson's index
5%
The loss of soil fertility caused by continuous cropping Soil depletion
5%
Areas set aside for the conservation of species or habitats Wildlife reserves
4%
Areas of the sea set aside to conserve the diversity of species and habitats Marine conservations zones
2%
No matching quizzes found
Score Distribution
Percent of People with Each Score
Percentile by Number Answered
Your Score History
You have not taken this quiz